All UEFA Tournament Winners (2010-2026) - Statistics

General Stats
  • This quiz has been taken 18 times
    16 since last reset
  • The average score is 34 of 36
Answer Stats
Season Competition Country Answer % Correct
2017/18 Europa League Spain Atletico
100%
2010/11 Champions League Spain Barcelona
100%
2014/15 Champions League Spain Barcelona
100%
2011/12 Champions League England Chelsea
100%
2011/12 Europa League Spain Chelsea
100%
2012/13 Europa League England Chelsea
100%
2018/19 Europa League England Chelsea
100%
2020/21 Champions League England Chelsea
100%
2024/25 Conference League England Chelsea
100%
2016/17 Europa League England Manchester United
100%
2010/11 Europa League Portugal Porto
100%
2013/14 Champions League Spain Real Madrid
100%
2015/16 Champions League Spain Real Madrid
100%
2016/17 Champions League Spain Real Madrid
100%
2017/18 Champions League Spain Real Madrid
100%
2021/22 Champions League Spain Real Madrid
100%
2023/24 Champions League Spain Real Madrid
100%
2021/22 Conference League Italy AS Roma
93%
2025/26 Europa League England Aston Villa
93%
2012/13 Champions League Germany Bayern Munich
93%
2019/20 Champions League Germany Bayern Munich
93%
2025/26 Conference League England Crystal Palace
93%
2018/19 Champions League England Liverpool
93%
2022/23 Champions League England Manchester City
93%
2024/25 Champions League France PSG
93%
2024/25 Europa League England Tottenham Hotspur
93%
2020/21 Europa League Spain Villarreal
93%
2021/22 Europa League Germany Eintracht Frankfurt
87%
2013/14 Europa League Spain Sevilla
87%
2014/15 Europa League Spain Sevilla
87%
2015/16 Europa League Spain Sevilla
87%
2019/20 Europa League Spain Sevilla
87%
2022/23 Europa League Spain Sevilla
87%
2022/23 Conference League England West Ham
87%
2023/24 Europa League Italy Atalanta
80%
2023/24 Conference League Greece Olympiacos
80%
No matching quizzes found
Score Distribution
Percent of People with Each Score
Percentile by Number Answered
Your Score History
You have not taken this quiz since the last reset